000 00659nam a22002417a 4500
003 UA-OsUOA
001 61138
007 ta
008 20090618b un ||||| |||| 00| 0 ukr d
100 _aБазилевич В. Д.
090 _a347.77/78
_bБ17
942 _cBK
040 _aUA-OsUOA
_bukr
_cUA-OsUOA
_dUA-OsUOA
245 _aІнтелектуальна власність
_bПідручник
300 _a431 с.
955 _a2
041 _aukr
080 _a347.77/78
020 _a978-966-346-486-2
260 _aК.
_bЗнання
_c2008
650 7 _a347 Цивільне право. Судовий устрій
_2UDC
999 _c346947
_d346947